| 000 | 00357nam a2200133Ia 4500 | ||
|---|---|---|---|
| 008 | 240624s9999 xx 000 0 und d | ||
| 041 | _aeng | ||
| 082 | _a153.9 BIN | ||
| 100 | _aBINGHAM TONY | ||
| 245 | _aNEW SOCIAL LEARNING A GUIDE TO TRANSFORM | ||
| 260 |
_c2012 _aNew Delhi _bCengage Learning |
||
| 300 | _axxii, : 193 : p. : cm. ; 22 | ||
| 365 |
_cRS _b31 |
||
| 999 |
_c21727 _d21727 |
||